| 000 | 02788nam a2200253 4500 | ||
|---|---|---|---|
| 001 | 0000000495 | ||
| 005 | 20250329165433.0 | ||
| 008 | 170718s2017 000 0 eng d | ||
| 040 |
_aCO-CtgCURN _bspa _ccoctgcurn |
||
| 082 | 0 |
_aENF 2017 _bG934 |
|
| 100 | 1 | _aValiente Guerrero, Johana. | |
| 245 | 1 | 0 |
_aFactores relacionados con la desercion de estudiantes en el programa de enfermeria corporacion universitaria rafael nuñez / _cJohana Valiente Guerrero; Laris Sepulveda Mendoza; Camila Montaño Redondo; Asesores: Humberto Doria Guerra; Magister Educacion. |
| 260 |
_aCartagena de Indias : _bCorporación Universitaria Rafael Núñez, _c2017. |
||
| 504 | _aTrabajo de grado (Enfermera). Corporacion Universitaria Rafael Nuñez. Facultad de Ciencias de la Salud. Enfermeria, 2019. | ||
| 520 | _aIntroduccion: La desercion universitaria es uno de los problemas mas importantes en las instituciones de educacion superior del pais, donde se asume como un problema social, pues implica una perdida de capital humano para la familia, comunidad y pais. Objetivo: Determinar los factores relacionados con la desercion de los estudiantes del programa de enfermeria de la Corporacion Universitaria Rafael Nuñez de la ciudad de Cartagena durante el periodo 2012-2015. Materiales y metodos: Se diseño un estudio de tipo cuantitativo y descriptivo con componente analitico de correlacion. La poblacion fue de 232 desertores del programa de Enfermeria de la CURN entre 2012-2015, la muestra se estimo en 100 personas (nivel de confianza: 95,, error: 7,4,) y se abordo mediante un muestreo por conveniencia. Se aplico un cuestionario estructurado. Resultados: Los encuestados fueron mujeres (88,), de 18-21 años (41,), solteros (77,), residen en viviendas familiares (64,), de estrato dos (49,), procedentes de Bolivar. La desercion ocurre en los semestres primeros (47,) e intermedios (42,). Los factores que significativamente (p <0,05) explican este fenomenos fueron el sexo, estado civil, la cantidad de hermanos, el tiempo dedicado a estudiar, la repitencia de materias, y la financiacion de los estudios. Conclusion: La desercion estudiantil en el programa de Enfermeria es un fenomeno complejo que se origina por la convergencia de diferentes factores de variada naturaleza. | ||
| 650 | 0 |
_aEnfermeria _xTesis y disertaciones academicas. |
|
| 700 | 1 | _aGuerrero , Johana Valiente. | |
| 700 | 1 | _aSepulveda Mendoza, Laris. | |
| 700 | 1 | _aMontaño Redondo, Camila. | |
| 700 | 1 | _aDoria Guerra, Doria. | |
| 856 |
_uhttps://unicurn.sharepoint.com/:b:/s/biblioteca/Eakqgk8dhTxCopawDE83QQcBgs-zyHCyNA9k22ntastCsA?e=tWFU3G _zClick aqui para ver el recurso en texto completo |
||
| 942 |
_hENF 2017 _iG934 _2ddc _cTG |
||
| 999 |
_c3973 _d3973 |
||